[Event "East Detroit (MCO/2/5)"]
[Site "?"]
[Date "1984.??.??"]
[Round "?"]
[White "Noren, Kevin"]
[Black "Franke, R.."]
[Result "0-1"]
[WhiteElo "2225"]
[BlackElo "1915"]
[PlyCount "96"]
[EventDate "1984.??.??"]

{2/(5)} 1. d4 Nf6 2. Nf3 e6 3. Bg5 Be7 4. Nbd2 d5 5. e3 h6 6. Bh4 b6 7. Bd3 Ba6
8. c4 O-O 9. Ne5 c5 10. O-O Bb7 11. Rc1 cxd4 12. exd4 Nc6 13. Ndf3 Rc8 14. Re1
dxc4 15. Bxc4 Nxe5 16. Nxe5 Bd5 17. Bd3 Bb7 18. Bc2 Nd5 19. Bg3 Nb4 20. Bb1
Rxc1 21. Qxc1 Qxd4 22. Rd1 Qc5 23. Qf4 Bg5 24. Qg4 Rd8 25. Re1 Bf6 26. Nxf7
Kxf7 27. Qxe6+ Kf8 28. Bg6 Qe7 29. Qxe7+ Bxe7 30. h3 Bd5 31. a3 Nc6 32. Re3 Bf7
33. Be4 Nd4 34. f4 Ne6 35. Kh2 Bd6 36. Rf3 Nd4 37. Rf2 Ne6 38. Rd2 Be7 39. Re2
Bd6 40. Rd2 Bc7 41. Rf2 Rd4 42. Re2 Bxf4 43. Bf5 Bxg3+ 44. Kxg3 Nc5 45. Rc2 g6
46. Bg4 Rd3+ 47. Kf4 g5+ 48. Ke5 Rd5+ 0-1

[Event "Plymouth (MI Op/1b/3)"]
[Site "?"]
[Date "1984.??.??"]
[Round "?"]
[White "Noren, Kevin"]
[Black "Comstock, Ron"]
[Result "1-0"]
[WhiteElo "2210"]
[BlackElo "1850"]
[PlyCount "43"]
[EventDate "1984.??.??"]

1. d4 Nf6 2. c4 e6 3. Nf3 c5 4. e3 cxd4 5. exd4 Bb4+ 6. Nc3 Qa5 7. Bd2 d5 8. c5
Ne4 9. Nxe4 dxe4 10. Bxb4 Qxb4+ 11. Qd2 Nc6 12. Ng5 Qxd4 13. Qxd4 Nxd4 14.
O-O-O e5 15. Nxe4 O-O 16. Nd6 Be6 17. Kb1 b6 18. cxb6 axb6 19. Bc4 Bxc4 20.
Nxc4 f6 21. Nxb6 Rab8 22. Nd7 1-0

[Event "East Detroit (MCO/6/5)"]
[Site "?"]
[Date "1984.??.??"]
[Round "?"]
[White "Noren, Kevin"]
[Black "Carroll, Deuvoy"]
[Result "1/2-1/2"]
[WhiteElo "2225"]
[BlackElo "1850"]
[PlyCount "51"]
[EventDate "1984.??.??"]

{6/(5)} 1. d4 Nf6 2. Nf3 g6 3. c4 Bg7 4. Nc3 O-O 5. Bg5 d6 6. e3 c6 7. Be2 Nbd7
8. Qc2 Qc7 9. O-O Re8 10. Bh4 e5 11. h3 b6 12. Bg3 Nh5 13. Bh2 f5 14. dxe5 dxe5
15. Rad1 Bb7 16. b4 Nhf6 17. c5 bxc5 18. Bc4+ Nd5 19. e4 fxe4 20. Nxe4 N7b6 21.
bxc5 Nxc4 22. Qxc4 Qa5 23. Rfe1 Ba6 24. Qc2 Bb5 25. Rb1 Qa6 26. Qb3 1/2-1/2

[Event "East Lansing (MEX/2)"]
[Site "?"]
[Date "1984.??.??"]
[Round "?"]
[White "Noren, Kevin"]
[Black "Arganian, David G"]
[Result "1-0"]
[WhiteElo "2225"]
[BlackElo "2100"]
[PlyCount "69"]
[EventDate "1984.??.??"]

1. c4 c6 2. d4 d5 3. e3 Nf6 4. Nc3 e6 5. Nf3 Nbd7 6. Bd3 dxc4 7. Bxc4 b5 8. Be2
Bb7 9. Nd2 Be7 10. O-O O-O 11. Bf3 b4 12. Nce4 Nd5 13. Nb3 Qb6 14. Ned2 f5 15.
e4 N5f6 16. exf5 exf5 17. Re1 Rae8 18. Nc4 Qc7 19. g3 Nd5 20. Bd2 Bf6 21. Rc1
N7b6 22. Nca5 Ba8 23. Qc2 Rxe1+ 24. Rxe1 g6 25. Nc4 Bb7 26. Nca5 Qg7 27. Nc5
Bc8 28. Nxc6 Qc7 29. Ne5 Re8 30. Bxd5+ Nxd5 31. Qc4 Qd6 32. Bxb4 Be6 33. Ned3
Nb6 34. Qb5 Re7 35. Nxe6 1-0

[Event "Plymouth (MI Op/1b/24)"]
[Site "?"]
[Date "1984.??.??"]
[Round "?"]
[White "Nolan, N.."]
[Black "Theuerle, P.."]
[Result "1-0"]
[WhiteElo "1605"]
[BlackElo "1640"]
[PlyCount "69"]
[EventDate "1984.??.??"]

1. e4 e5 2. Nf3 Nc6 3. Bc4 Be7 4. O-O d6 5. d3 Na5 6. Bb3 Nxb3 7. axb3 b6 8. b4
Bb7 9. c4 Nf6 10. Nc3 O-O 11. Bg5 Nd7 12. Be3 f5 13. Qb3 Kh8 14. Ra3 f4 15. Bd2
a6 16. Rfa1 c6 17. Ne2 Rf6 18. Bc3 Rh6 19. Rd1 g5 20. d4 g4 21. dxe5 gxf3 22.
e6+ Nf6 23. Nxf4 fxg2 24. e5 Ne4 25. exd6+ Nxc3 26. Qxc3+ Bf6 27. Qf3 Be5 28.
Re3 Qf6 29. e7 Rxh2 30. Kxh2 Bxf4+ 31. Kg1 Rg8 32. d7 c5 33. Qxf4 Qxf4 34. e8=Q
Qg4 35. Qe5+ 1-0

[Event "Plymouth (MI Op/3/58)"]
[Site "?"]
[Date "1984.??.??"]
[Round "?"]
[White "Nolan, N.."]
[Black "Morris, Jason"]
[Result "0-1"]
[WhiteElo "1605"]
[BlackElo "1755"]
[PlyCount "124"]
[EventDate "1984.??.??"]

{3/(58)} 1. e4 c5 2. d3 Nc6 3. Be3 d6 4. Nc3 Nf6 5. g3 e6 6. Bg2 Be7 7. Nf3 Rb8
8. O-O b5 9. a3 O-O 10. Ne2 e5 11. Bd2 Bg4 12. Qc1 Qd7 13. Kh1 h6 14. Nfg1 Nh7
15. f3 Be6 16. f4 f5 17. Nc3 fxe4 18. Bxe4 exf4 19. gxf4 Bf5 20. Qe1 Nf6 21.
Bg2 Nd4 22. Rc1 Nxc2 23. Qg3 Nd4 24. Be3 Bxd3 25. Rf2 Nf5 26. Qh3 Nxe3 27. Qxe3
Bf5 28. Re2 Ng4 29. Bd5+ Kh8 30. Qxe7 Qxe7 31. Rxe7 Nf2+ 32. Kg2 Nd3 33. Rf1
Nxb2 34. Kf3 Nd3 35. Nh3 Rfe8 36. Rxe8+ Rxe8 37. Nf2 Ne1+ 38. Kg3 Nf3 39. Kxf3
Rb8 40. Nce4 Rb6 41. Nc3 b4 42. axb4 cxb4 43. Na4 Rb8 44. Bb3 Bd7 45. Nb2 Rf8
46. Kg3 Re8 47. Kf3 Bc6+ 48. Kg4 Re2 49. Nbd1 a5 50. Bc4 Rd2 51. Kg3 a4 52. Ne3
b3 53. Ned1 b2 54. Ba2 Bd5 55. Nxb2 Bxa2 56. Nxa4 Kg8 57. Nc3 Kf7 58. Kf3 Ke6
59. Ke3 Rc2 60. Nb5 Rb2 61. Nc3 d5 62. h4 d4+ 0-1

[Event "Plymouth (MI Op/5/53)"]
[Site "?"]
[Date "1984.??.??"]
[Round "?"]
[White "Nolan, N.."]
[Black "Manion, Tom"]
[Result "0-1"]
[WhiteElo "1605"]
[BlackElo "1740"]
[PlyCount "52"]
[EventDate "1984.??.??"]

{5/(53)} 1. e4 e5 2. Nf3 Nf6 3. Bc4 Nxe4 4. O-O d5 5. Be2 Bd6 6. d4 exd4 7.
Qxd4 O-O 8. c4 Be6 9. Nbd2 Nc6 10. Qe3 Bc5 11. Qb3 dxc4 12. Bxc4 Nd4 13. Nxd4
Qxd4 14. Nxe4 Bxc4 15. Nxc5 Bxb3 16. Nxb3 Qc4 17. Be3 c6 18. Rfc1 Qe2 19. Rab1
f5 20. Bc5 Rf6 21. Nd4 Qe4 22. Nf3 Rg6 23. h3 Qxf3 24. g3 b6 25. Be3 f4 26. Bd4
fxg3 0-1

[Event "East Detroit (MCO/5/31)"]
[Site "?"]
[Date "1984.??.??"]
[Round "?"]
[White "Nixon, Peter"]
[Black "Winfield, J.."]
[Result "1-0"]
[WhiteElo "1605"]
[BlackElo "1680"]
[PlyCount "167"]
[EventDate "1984.??.??"]

{5/(31)} 1. d4 Nf6 2. Bg5 b6 3. Bxf6 gxf6 4. e4 Nc6 5. d5 Ne5 6. c4 h5 7. Be2
Ba6 8. Nd2 Bh6 9. Ngf3 e6 10. Qa4 Bxd2+ 11. Nxd2 Bb7 12. O-O-O Qe7 13. f4 Ng4
14. Bxg4 hxg4 15. h4 gxh3 16. Rxh3 Rxh3 17. gxh3 Qd6 18. Rg1 Ke7 19. e5 Qc5 20.
exf6+ Kf8 21. Qd1 Qd4 22. Qg4 Qxf6 23. Ne4 Qh6 24. Nc3 a6 25. a3 Ke7 26. Kd1
Rh8 27. Rg3 Qf6 28. Rd3 Rh4 29. Qf3 Kf8 30. Kc2 Rxf4 31. Qg3 Qf5 32. Kb3 Rf2
33. dxe6 fxe6 34. Ka2 Rf3 35. Rxf3 Qxf3 36. Qxc7 Qc6 37. Qd8+ Kf7 38. Qh4 b5
39. Qf2+ Ke8 40. cxb5 axb5 41. Qe2 Ba6 42. Qh5+ Kd8 43. h4 Qc4+ 44. Kb1 d5 45.
Qg5+ Kd7 46. h5 b4 47. Qg7+ Kc6 48. axb4 Qd3+ 49. Kc1 Qe3+ 50. Kc2 Bd3+ 51. Kb3
Bc4+ 52. Ka4 Qe1 53. b5+ Kc5 54. Qc7+ Kd4 55. Qf4+ Kd3 56. Qf3+ Kc2 57. Qg2+
Kc1 58. b6 Qe3 59. Qh1+ Kc2 60. Qd1+ Kxb2 61. Qb1+ Kxc3 62. Qb4+ Kc2 63. h6 Qd4
64. h7 Qa1+ 65. Qa3 Bb3+ 66. Kb4 Qc3+ 67. Kb5 Qd3+ 68. Kc6 Qxh7 69. b7 Qh2 70.
Qd6 Ba4+ 71. Kc7 Qh8 72. Qc5+ Kd3 73. b8=Q Qxb8+ 74. Kxb8 Bb3 75. Qb5+ Bc4 76.
Qb1+ Kc3 77. Qe1+ Kb3 78. Qxe6 d4 79. Qb6+ Kc3 80. Qa5+ Kc2 81. Qa4+ Kc3 82.
Qa1+ Kd3 83. Kc7 Ke3 84. Qc1+ 1-0

[Event "East Detroit (MCO/4/22)"]
[Site "?"]
[Date "1984.??.??"]
[Round "?"]
[White "Nixon, Peter"]
[Black "Kulbacki, James"]
[Result "0-1"]
[WhiteElo "1605"]
[BlackElo "1975"]
[PlyCount "76"]
[EventDate "1984.??.??"]

{4/(22)} 1. d4 Nf6 2. Bg5 e6 3. e4 Be7 4. Bd3 d5 5. e5 Nfd7 6. Bxe7 Qxe7 7. a3
c5 8. c3 Nc6 9. Qg4 g6 10. f4 cxd4 11. Bb5 Nc5 12. cxd4 Nb3 13. Bxc6+ bxc6 14.
Ra2 Nxd4 15. Qd1 Nf5 16. Qe2 a5 17. Nf3 Ba6 18. Qc2 Qc7 19. Qc5 Rb8 20. Nc3 Bc4
21. b3 Rxb3 22. Nd2 Rxc3 23. Kf2 Bxa2 24. Qxc3 O-O 25. Rc1 Qb6+ 26. Qc5 Rb8 27.
g4 Ne7 28. Kg3 Qxc5 29. Rxc5 Rb2 30. Nf3 Rb5 31. Rc2 Bc4 32. Nd4 Rb1 33. Nf3
Rb3 34. Kf2 Rxa3 35. Kg3 Bd3 36. Rb2 Be4 37. Rc2 c5 38. g5 Rxf3+ 0-1

[Event "Plymouth (MI Op/4/81)"]
[Site "?"]
[Date "1984.??.??"]
[Round "?"]
[White "Nixon, Peter"]
[Black "King, J.."]
[Result "1-0"]
[WhiteElo "1605"]
[BlackElo "1605"]
[PlyCount "51"]
[EventDate "1984.??.??"]

{4/(81)} 1. d4 Nf6 2. c4 c5 3. d5 b5 4. cxb5 a6 5. bxa6 Bxa6 6. Nf3 g6 7. Bg5
Bg7 8. Qc1 d6 9. Bh6 Qa5+ 10. Nc3 O-O 11. Bxg7 Kxg7 12. Qd2 Nbd7 13. g3 Rfb8
14. Bg2 Ne8 15. O-O Nc7 16. Rfe1 Nb5 17. e4 Nxc3 18. bxc3 Qb5 19. e5 Qb2 20.
exd6 Qxd2 21. Nxd2 exd6 22. Ne4 Rb6 23. a4 Bc4 24. Nd2 Ba6 25. a5 Rb3 26. Nxb3
1-0

[Event "Plymouth (MI Op/7/57)"]
[Site "?"]
[Date "1984.??.??"]
[Round "?"]
[White "Nixon, Peter"]
[Black "Haakonstad, Olaf"]
[Result "0-1"]
[WhiteElo "1605"]
[BlackElo "1635"]
[PlyCount "58"]
[EventDate "1984.??.??"]

{7/(57)} 1. d4 Nf6 2. c4 e6 3. Bg5 Be7 4. Nc3 d5 5. e3 O-O 6. Nf3 b6 7. cxd5
exd5 8. Bd3 Bb7 9. O-O Nbd7 10. Re1 Re8 11. Bb5 a6 12. Ba4 b5 13. Bb3 Rc8 14.
Bxf6 Nxf6 15. a3 Bd6 16. Qd3 Ne4 17. Nxd5 Bxd5 18. Bxd5 Bxh2+ 19. Kxh2 Qxd5 20.
Kg1 Re6 21. Rac1 Qh5 22. Kf1 Qh1+ 23. Ng1 h5 24. d5 Re5 25. g3 Ng5 26. Ke2 Rxd5
27. Qb3 Qg2 28. Qc2 Ne4 29. Rf1 Nxg3+ 0-1

[Event "Plymouth (MI Op/6/76)"]
[Site "?"]
[Date "1984.??.??"]
[Round "?"]
[White "Nixon, Peter"]
[Black "Coates, J.."]
[Result "1-0"]
[WhiteElo "1605"]
[BlackElo "1605"]
[PlyCount "31"]
[EventDate "1984.??.??"]

{6/(76)} 1. d4 d5 2. c4 Nf6 3. Bg5 Bf5 4. Bxf6 exf6 5. Nc3 Bb4 6. Qa4+ Nc6 7.
cxd5 Bxc3+ 8. bxc3 O-O 9. dxc6 bxc6 10. Qxc6 Bd7 11. Qc5 a5 12. e3 Be6 13. Bd3
g6 14. Ne2 Bg4 15. O-O a4 16. h3 1-0

[Event "East Detroit (MCO/2/34)"]
[Site "?"]
[Date "1984.??.??"]
[Round "?"]
[White "Nixon, Peter"]
[Black "Alexander, J.."]
[Result "1-0"]
[WhiteElo "1605"]
[BlackElo "1670"]
[PlyCount "77"]
[EventDate "1984.??.??"]

{2/(34)} 1. d4 Nf6 2. c4 e6 3. Bg5 d5 4. Nc3 c6 5. Nf3 Nbd7 6. e3 Qa5 7. a3 Ne4
8. Qc2 Nxg5 9. Nxg5 dxc4 10. Nf3 b5 11. Qb1 Nf6 12. Be2 Ne4 13. Qxe4 Bd7 14.
O-O Be7 15. Ne5 Rc8 16. Nxd7 Kxd7 17. Rfd1 g6 18. Qf3 Qc7 19. Qxf7 Rhf8 20.
Qxh7 Rh8 21. Qxh8 Rxh8 22. g3 Kc8 23. Rdc1 a6 24. a4 Kb8 25. axb5 axb5 26. Ra6
Bb4 27. Rca1 Qb7 28. Bf3 Rc8 29. h4 Bxc3 30. bxc3 Rc7 31. Be4 Kc8 32. Bxg6 Kd7
33. h5 Kd6 34. h6 Rc8 35. Ra7 Qb8 36. Rf7 b4 37. Raa7 Rd8 38. h7 b3 39. h8=Q
1-0

[Event "Plymouth (MI Op/4/45)"]
[Site "?"]
[Date "1984.??.??"]
[Round "?"]
[White "Neely, Richard"]
[Black "Smith, Les L"]
[Result "0-1"]
[WhiteElo "1605"]
[BlackElo "1945"]
[PlyCount "60"]
[EventDate "1984.??.??"]

{4/(45)} 1. d4 f5 2. c4 Nf6 3. Nc3 g6 4. Nf3 Bg7 5. Qc2 d6 6. e4 O-O 7. Bd3 e6
8. O-O Nc6 9. d5 Nb4 10. Qd2 e5 11. Ng5 f4 12. a3 Nxd3 13. Qxd3 Qe7 14. Nb5 a6
15. Nc3 Nh5 16. Nf3 g5 17. h3 g4 18. hxg4 Bxg4 19. Nh2 Bd7 20. f3 Bh6 21. Bd2
Kh8 22. Ne2 Rg8 23. Kf2 Qh4+ 24. Kg1 Rg6 25. Rf2 Rag8 26. Ng4 Ng3 27. Nxg3 fxg3
28. Nxh6 gxf2+ 29. Kf1 Qh1+ 30. Kxf2 Rxg2+ 0-1

[Event "Plymouth (MI Op/7/60)"]
[Site "?"]
[Date "1984.??.??"]
[Round "?"]
[White "Neely, Richard"]
[Black "Feldman, J.."]
[Result "0-1"]
[WhiteElo "1605"]
[BlackElo "1605"]
[PlyCount "66"]
[EventDate "1984.??.??"]

{7/(60)} 1. d4 d5 2. c4 e6 3. Nc3 Nf6 4. e3 Bb4 5. Bd2 Nc6 6. c5 Bd7 7. a3 Bxc3
8. Bxc3 O-O 9. g3 Qe7 10. Bg2 b6 11. b4 bxc5 12. bxc5 e5 13. Ne2 exd4 14. exd4
Rfe8 15. Ra2 Bg4 16. f3 Bf5 17. O-O Rab8 18. Ba1 Rb1 19. Qd2 Qe3+ 20. Qxe3 Rxe3
21. Rc2 Rxf1+ 22. Bxf1 Re7 23. Bc3 Bd3 24. Nf4 Bxf1 25. Kxf1 Re3 26. Re2 Rxf3+
27. Kg2 Rxc3 28. Nxd5 Rxa3 29. Nxc7 Nxd4 30. Rd2 Ne6 31. Nb5 Ra5 32. c6 Rxb5
33. c7 Nxc7 0-1

[Event "Plymouth (MI Op/2/41)"]
[Site "?"]
[Date "1984.??.??"]
[Round "?"]
[White "Neely, Richard"]
[Black "Darbro, D.."]
[Result "1/2-1/2"]
[WhiteElo "1605"]
[BlackElo "1850"]
[PlyCount "72"]
[EventDate "1984.??.??"]

{2/(41)} 1. d4 e6 2. Nf3 f5 3. g3 b6 4. Bg2 Bb7 5. O-O Be7 6. c4 Nf6 7. Nc3 O-O
8. Bf4 d6 9. Rc1 Na6 10. a3 c5 11. d5 e5 12. Bd2 Nc7 13. Re1 Qe8 14. e4 Bc8 15.
Qc2 Qh5 16. b4 fxe4 17. Nxe4 Nxe4 18. Qxe4 Bf5 19. Qe3 Bg4 20. Rc3 Rf5 21. h4
Rf7 22. Rd3 e4 23. Qxe4 Bf5 24. Qe3 Bxd3 25. Qxd3 Raf8 26. bxc5 bxc5 27. Bf4
Ne8 28. Bh3 Kh8 29. Be6 Rxf4 30. gxf4 Bxh4 31. f5 Nf6 32. Nxh4 Qxh4 33. Qg3
Qxc4 34. Kh2 Rd8 35. Rg1 Nh5 36. Qg5 Qf4+ 1/2-1/2

[Event "Plymouth (MI Op/5/59)"]
[Site "?"]
[Date "1984.??.??"]
[Round "?"]
[White "Neely, Richard"]
[Black "Coleman, John"]
[Result "0-1"]
[WhiteElo "1605"]
[BlackElo "1780"]
[PlyCount "72"]
[EventDate "1984.??.??"]

{5/(59)} 1. d4 Nf6 2. c4 e6 3. Nc3 d5 4. b3 Nc6 5. Nf3 Be7 6. Qc2 dxc4 7. bxc4
Nxd4 8. Nxd4 Qxd4 9. e3 Qd8 10. Bd3 b6 11. Ne4 Bb7 12. O-O Nxe4 13. Bxe4 Bxe4
14. Qxe4 O-O 15. Bb2 Bf6 16. Rfd1 Qe7 17. Rab1 Bxb2 18. Rxb2 Rad8 19. Rdb1 c5
20. h3 Rd6 21. f4 Qd7 22. Qf3 Rd8 23. Rf1 Rd2 24. Rxd2 Qxd2 25. f5 exf5 26.
Qxf5 Qxe3+ 27. Kh1 Qe6 28. Qf4 f6 29. Qc7 Rd7 30. Qf4 Qe5 31. Qf3 Kf7 32. Qb3
Rd2 33. Rd1 Rd4 34. a4 Qe4 35. Kh2 Ke7 36. Rc1 Qf4+ 0-1

[Event "East Detroit (MCO/1/11)"]
[Site "?"]
[Date "1984.??.??"]
[Round "?"]
[White "Murray, David"]
[Black "Theuerle, P.."]
[Result "0-1"]
[WhiteElo "2075"]
[BlackElo "1605"]
[PlyCount "104"]
[EventDate "1984.??.??"]

{1/(11)} 1. e4 e5 2. Nf3 Nc6 3. Bb5 a6 4. Ba4 Nf6 5. O-O Be7 6. Re1 b5 7. Bb3
O-O 8. c3 d6 9. d4 Nd7 10. Nbd2 Bf6 11. Nf1 Na5 12. Bc2 Nb7 13. Ne3 c5 14. Nf5
Qc7 15. Bg5 Nd8 16. Bxf6 Nxf6 17. dxe5 dxe5 18. Nd6 Nb7 19. Nf5 Rd8 20. Qe2 Be6
21. Ng5 Rd7 22. a4 Rad8 23. axb5 Rd2 24. Qf3 Rxc2 25. bxa6 Na5 26. Qg3 Bxf5 27.
exf5 Rcd2 28. h4 Nc6 29. Qe3 Na7 30. Qxe5 Qxe5 31. Rxe5 Rxb2 32. Re7 Rd7 33.
Rxd7 Nxd7 34. Rd1 Nf8 35. Rd8 Rb6 36. Ra8 Rxa6 37. Ne4 Ra5 38. Nd6 Nc6 39. Rc8
Ne5 40. Nb7 Ra1+ 41. Kh2 Ned7 42. Nxc5 Nxc5 43. Rxc5 Ra8 44. Rc7 Rd8 45. c4 Nd7
46. c5 Kf8 47. Kg3 Ke8 48. Kf4 Ra8 49. g4 Kd8 50. Rc6 Ra5 51. g5 Nxc5 52. h5
Nd7 0-1

[Event "East Detroit (MCO/5/10)"]
[Site "?"]
[Date "1984.??.??"]
[Round "?"]
[White "Murray, David"]
[Black "Steverson, Bunnard"]
[Result "1-0"]
[WhiteElo "2075"]
[BlackElo "1605"]
[PlyCount "77"]
[EventDate "1984.??.??"]

{5/(10)} 1. e4 c5 2. Nf3 Nc6 3. d4 cxd4 4. Nxd4 Nf6 5. Nc3 e5 6. Nxc6 bxc6 7.
Bc4 d5 8. exd5 Bb7 9. dxc6 Qxd1+ 10. Nxd1 Bxc6 11. O-O Be7 12. Ne3 O-O 13. b3
Ne4 14. Bb2 Bf6 15. Rfe1 Bh4 16. g3 Bf6 17. Nd5 Bxd5 18. Bxd5 Rad8 19. Bxe4 Rd2
20. Bd3 e4 21. Bxf6 exd3 22. Be7 Re8 23. cxd3 Rxd3 24. Bc5 Ra8 25. Bxa7 h6 26.
Re7 Rf3 27. b4 Ra3 28. Be3 Kf8 29. Bc5 Kg8 30. Be3 Kf8 31. Rc7 g6 32. b5 Rxa2
33. Rxa2 Rxa2 34. b6 Ra1+ 35. Kg2 Rb1 36. b7 Kg7 37. Bd4+ Kg8 38. Rc8+ Kh7 39.
Rh8# 1-0

[Event "East Detroit (MCO/3/18)"]
[Site "?"]
[Date "1984.??.??"]
[Round "?"]
[White "Murray, David"]
[Black "Corbeill, Joe"]
[Result "1-0"]
[WhiteElo "2075"]
[BlackElo "1675"]
[PlyCount "85"]
[EventDate "1984.??.??"]

{3/(18)} 1. e4 c5 2. Nf3 Nc6 3. d4 cxd4 4. Nxd4 Nf6 5. Nc3 a6 6. Bc4 e6 7. O-O
Be7 8. Be3 O-O 9. f4 d6 10. Nf3 b5 11. Bd3 Ng4 12. Qe2 Bf6 13. Rad1 Bxc3 14.
bxc3 Nxe3 15. Qxe3 Qc7 16. e5 dxe5 17. fxe5 h6 18. Qe4 g6 19. Qh4 Nxe5 20. Qxh6
Nxf3+ 21. Rxf3 Qc5+ 22. Kh1 Qh5 23. Qf4 Bb7 24. Rff1 Rac8 25. Rde1 Bd5 26. Re5
Qh8 27. Rg5 Qg7 28. h4 Bc4 29. Rf3 Bxd3 30. cxd3 f6 31. Rg4 e5 32. Qg3 Kh7 33.
Qe1 f5 34. Rg5 Rc6 35. Rfg3 Re6 36. Qe2 Qh6 37. Kg1 Rff6 38. h5 Kg7 39. hxg6 e4
40. dxe4 fxe4 41. Qe3 Qh4 42. Rh3 Qf4 43. Qa7+ 1-0

[Event "Plymouth (MI Op/4/23)"]
[Site "?"]
[Date "1984.??.??"]
[Round "?"]
[White "Morris, Jason"]
[Black "VanCamp, W.."]
[Result "1/2-1/2"]
[WhiteElo "1755"]
[BlackElo "2030"]
[PlyCount "81"]
[EventDate "1984.??.??"]

{4/(23)} 1. c4 Nf6 2. Nc3 g6 3. g3 Bg7 4. Bg2 O-O 5. Nf3 c5 6. d4 cxd4 7. Nxd4
d6 8. O-O Qc7 9. b3 Bd7 10. Bb2 Nc6 11. Nf3 Ne5 12. Nxe5 dxe5 13. e4 e6 14. Qe2
Rfd8 15. Rad1 Bc6 16. Rxd8+ Rxd8 17. Rd1 Rd4 18. Nb5 Rxd1+ 19. Qxd1 Bxb5 20.
cxb5 Qd7 21. Qxd7 Nxd7 22. Ba3 Bf8 23. Bxf8 Kxf8 24. Kf1 Ke7 25. Ke2 Kd6 26.
Kd3 Kc5 27. Kc3 Kxb5 28. Bf1+ Kc5 29. b4+ Kb6 30. Kc4 Nf6 31. f3 Ne8 32. a4
Nd6+ 33. Kc3 a5 34. g4 h6 35. Bd3 Nc8 36. Bb5 Nd6 37. Bd3 f5 38. h3 fxe4 39.
Bxe4 g5 40. Kb3 axb4 41. Kxb4 1/2-1/2

[Event "Battle Creek (Insanity/6/3)"]
[Site "?"]
[Date "1984.??.??"]
[Round "?"]
[White "Morris, Jason"]
[Black "Moore, Robert"]
[Result "0-1"]
[WhiteElo "1675"]
[BlackElo "1750"]
[PlyCount "48"]
[EventDate "1984.??.??"]

{6/(3)} 1. e4 c5 2. Nf3 d6 3. d4 cxd4 4. Nxd4 Nf6 5. Nc3 a6 6. Bg5 e6 7. Qd2
Be7 8. O-O-O b5 9. a3 Bb7 10. Bd3 Nbd7 11. f4 Nc5 12. Bxf6 Bxf6 13. Nf3 O-O 14.
Rhe1 Bxc3 15. Qxc3 Rc8 16. Qb4 a5 17. Qc3 a4 18. Kb1 Nxe4 19. Qd4 Nf6 20. Bxb5
Bd5 21. Qxa4 Qb6 22. Bd3 Bxf3 23. gxf3 Nd5 24. Qe4 Nc3+ 0-1

[Event "Plymouth (MI Op/6/49)"]
[Site "?"]
[Date "1984.??.??"]
[Round "?"]
[White "Morris, Jason"]
[Black "Halstead, Kevin"]
[Result "1/2-1/2"]
[WhiteElo "1755"]
[BlackElo "1605"]
[PlyCount "121"]
[EventDate "1984.??.??"]

{6/(49)} 1. c4 c5 2. Nf3 Nf6 3. Nc3 g6 4. g3 Bg7 5. Bg2 O-O 6. O-O d6 7. Ne1
Nc6 8. Nc2 Be6 9. d3 Qd7 10. Rb1 Bh3 11. Bd2 Bxg2 12. Kxg2 Rfe8 13. b4 b6 14.
b5 Nd8 15. Ne3 e6 16. Qb3 Nb7 17. f3 Na5 18. Qa4 Nb7 19. Qb3 Red8 20. Ne4 d5
21. Nxf6+ Bxf6 22. Ng4 Bg7 23. Bc3 d4 24. Bd2 Nd6 25. Bg5 Re8 26. Nf6+ Bxf6 27.
Bxf6 h6 28. g4 e5 29. Bh4 g5 30. Bf2 Nb7 31. Rh1 Nd8 32. h4 Kg7 33. hxg5 hxg5
34. Rh5 Ne6 35. Bg3 f6 36. Rbh1 Rh8 37. Rxh8 Rxh8 38. Rxh8 Kxh8 39. Qd1 Qh7 40.
Qh1 Qxh1+ 41. Kxh1 Nf4 42. Bxf4 exf4 43. Kg2 Kg7 44. Kh2 Kg6 45. Kh3 Kf7 46.
Kg2 Ke7 47. Kh2 Kd7 48. Kg2 Kc7 49. Kf2 Kb7 50. a4 a5 51. Kg2 Kc7 52. Kh2 Kd6
53. Kg2 Ke5 54. Kh2 f5 55. Kh3 fxg4+ 56. Kxg4 Kf6 57. Kh3 Kf5 58. Kh2 Kg6 59.
Kg2 Kh5 60. Kh3 g4+ 61. fxg4+ 1/2-1/2

[Event "Plymouth (MI Op/2/39)"]
[Site "?"]
[Date "1984.??.??"]
[Round "?"]
[White "Morris, Jason"]
[Black "Hale, M.."]
[Result "1/2-1/2"]
[WhiteElo "1755"]
[BlackElo "1605"]
[PlyCount "51"]
[EventDate "1984.??.??"]

{2/(39)} 1. c4 c5 2. Nf3 Nc6 3. Nc3 Nf6 4. d4 cxd4 5. Nxd4 Nxd4 6. Qxd4 g6 7.
e4 d6 8. Bg5 e5 9. Qd2 Be7 10. Rd1 O-O 11. Bxf6 Bxf6 12. Qxd6 Qxd6 13. Rxd6 Be6
14. Be2 Rfd8 15. Rxd8+ Rxd8 16. Nd5 Bxd5 17. exd5 e4 18. O-O Bd4 19. Rd1 Bc5
20. Rb1 a5 21. a3 b6 22. b4 axb4 23. axb4 Bd6 24. h3 Ra8 25. Bd1 Ra3 26. c5
1/2-1/2

[Event "Battle Creek (Insanity/4/5)"]
[Site "?"]
[Date "1984.??.??"]
[Round "?"]
[White "Morris, Jason"]
[Black "Glynn, P.."]
[Result "1-0"]
[WhiteElo "1675"]
[BlackElo "1605"]
[PlyCount "99"]
[EventDate "1984.??.??"]

{4/(5)} 1. c4 e5 2. Nc3 Nf6 3. Nf3 Nc6 4. g3 h6 5. Bg2 d5 6. cxd5 Nxd5 7. O-O
Be6 8. d3 Qf6 9. Bd2 O-O-O 10. Rc1 Nxc3 11. Bxc3 g5 12. Qc2 Bd6 13. Nd2 Nd4 14.
Bxd4 exd4 15. Ne4 Qe5 16. Nxd6+ Qxd6 17. Qa4 Qb6 18. Rc2 Rd7 19. Rfc1 f5 20.
Rc5 Qd6 21. Qxa7 Qa6 22. Qxa6 bxa6 23. Rc6 Bd5 24. Bxd5 Rxd5 25. Rxc7+ Kb8 26.
b4 f4 27. R7c5 Rxc5 28. Rxc5 Re8 29. Kf1 Kb7 30. Rd5 Rc8 31. Rxd4 Rc1+ 32. Kg2
fxg3 33. hxg3 Rc2 34. Kf3 h5 35. Rd5 h4 36. gxh4 gxh4 37. Rh5 Rxa2 38. Rxh4 Ra4
39. Rc4 Kb6 40. e4 Kb5 41. e5 Rxb4 42. Rxb4+ Kxb4 43. e6 a5 44. e7 a4 45. e8=Q
a3 46. Qe4+ Kb3 47. Qc4+ Kb2 48. d4 a2 49. d5 a1=Q 50. Qd4+ 1-0

[Event "Battle Creek (Insanity/2/5)"]
[Site "?"]
[Date "1984.??.??"]
[Round "?"]
[White "Morris, Jason"]
[Black "Anderson, T.."]
[Result "0-1"]
[WhiteElo "1675"]
[BlackElo "1605"]
[PlyCount "46"]
[EventDate "1984.??.??"]

{2/(5)} 1. e4 e6 2. d4 d5 3. Nc3 Nf6 4. Bg5 Be7 5. e5 Nfd7 6. h4 c5 7. Nb5 Qb6
8. Bxe7 Kxe7 9. Qg4 Kf8 10. O-O-O cxd4 11. Qxd4 Qxd4 12. Rxd4 Nxe5 13. Nc7 Nbc6
14. Ra4 Rb8 15. Bb5 a6 16. Bxc6 Nxc6 17. c4 dxc4 18. Rxc4 Bd7 19. Nf3 Ke7 20.
Rd1 Rhc8 21. Ng5 Rxc7 22. Rf4 f6 23. Ne4 Nd4+ 0-1

[Event "East Detroit (MCO/2/23)"]
[Site "?"]
[Date "1984.??.??"]
[Round "?"]
[White "Morneau, F.."]
[Black "Meleg, M.."]
[Result "0-1"]
[WhiteElo "1660"]
[BlackElo "2145"]
[PlyCount "78"]
[EventDate "1984.??.??"]

{2/(23)} 1. e4 e6 2. d4 a6 3. c4 b5 4. cxb5 axb5 5. Bxb5 Bb7 6. Nc3 Bb4 7. f3
Qh4+ 8. g3 Qh5 9. Be2 Ne7 10. Bd2 O-O 11. f4 Qa5 12. Nf3 f5 13. O-O fxe4 14.
Ng5 c5 15. a3 cxd4 16. Ncxe4 Bxd2 17. Nxd2 Nf5 18. Nc4 Qc5 19. b4 Qc6 20. Bf3
Qxc4 21. Bxb7 Ra7 22. Be4 h6 23. Rc1 Qa6 24. Qh5 Qxa3 25. g4 Qe3+ 26. Kh1 hxg5
27. Bxf5 exf5 28. Rce1 Qd2 29. fxg5 Ra2 30. Rg1 Qxb4 31. Rb1 Qd6 32. Rg2 Rxg2
33. Kxg2 Qd5+ 34. Kg1 fxg4 35. Qxg4 Nc6 36. Rf1 Rxf1+ 37. Kxf1 Qh1+ 38. Ke2
Qxh2+ 39. Kd3 Ne5+ 0-1

[Event "East Detroit (MCO/4/33)"]
[Site "?"]
[Date "1984.??.??"]
[Round "?"]
[White "Morneau, F.."]
[Black "Leonard, K.."]
[Result "0-1"]
[WhiteElo "1660"]
[BlackElo "1605"]
[PlyCount "82"]
[EventDate "1984.??.??"]

{4/(33)} 1. e4 b6 2. d4 Bb7 3. Nc3 e6 4. Nf3 Nf6 5. Bg5 h6 6. Bxf6 Qxf6 7. Bc4
Bb4 8. Qd3 O-O 9. O-O-O Bxc3 10. bxc3 Qf4+ 11. Qe3 Qxe3+ 12. fxe3 Bxe4 13. Bd3
Bxd3 14. cxd3 Nc6 15. e4 d5 16. Ne5 Nxe5 17. dxe5 Rfd8 18. exd5 Rxd5 19. d4
Rad8 20. Rd2 Kf8 21. Rhd1 c5 22. dxc5 bxc5 23. c4 Rxd2 24. Rxd2 Rxd2 25. Kxd2
Ke7 26. Ke3 Kd7 27. h4 Kc6 28. Kf4 Kb6 29. g4 Ka5 30. g5 Kb4 31. gxh6 gxh6 32.
Kg4 Kxc4 33. Kh5 Kd4 34. Kxh6 c4 35. Kg7 c3 36. h5 c2 37. h6 c1=Q 38. h7 Qg5+
39. Kxf7 Qh6 40. Kg8 Qg6+ 41. Kh8 Kxe5 0-1